<?xml version="1.0" encoding="UTF-8"?>
<collection xmlns="http://www.loc.gov/MARC21/slim">
 <record>
  <leader>00483pamaa2200169   4500</leader>
  <controlfield tag="001">0000014168</controlfield>
  <controlfield tag="005">20190725090000.0</controlfield>
  <datafield tag="020" ind1="0" ind2="0">
   <subfield code="a">9971616629 </subfield>
  </datafield>
  <datafield tag="082" ind1=" " ind2=" ">
   <subfield code="a">510 PUR</subfield>
  </datafield>
  <datafield tag="090" ind1="0" ind2="0">
   <subfield code="a">QA37.2 </subfield>
   <subfield code="b">PUR 1995</subfield>
  </datafield>
  <datafield tag="245" ind1="1" ind2="0">
   <subfield code="a">PURE mathematics  </subfield>
   <subfield code="c">Lee Peng Yee general editor,Teh Keng Seng and Looi Chin Keong.</subfield>
  </datafield>
  <datafield tag="260" ind1="0" ind2="0">
   <subfield code="a">Singapore: </subfield>
   <subfield code="b">Shin Lee Publisher, </subfield>
   <subfield code="c">1995.</subfield>
  </datafield>
  <datafield tag="300" ind1=" " ind2=" ">
   <subfield code="a">vi, 450 p.: </subfield>
   <subfield code="b">25 cm.</subfield>
  </datafield>
  <datafield tag="650" ind1="0" ind2="0">
   <subfield code="a">Mathematics </subfield>
  </datafield>
  <datafield tag="700" ind1="1" ind2="1">
   <subfield code="a">Lee, Peng Yee </subfield>
  </datafield>
  <datafield tag="700" ind1="1" ind2="1">
   <subfield code="a">Teh, Keng Seng </subfield>
  </datafield>
  <datafield tag="700" ind1="1" ind2="1">
   <subfield code="a">Looi, Chin Keong </subfield>
  </datafield>
 </record>
</collection>
